000 00821nam a2200229Ii 4500
003 JO-AjNU
008 230605s9999||||xx |||||||||||||| ||und||
017 _a2004/1546
020 _a977-293-251-2
040 _aJO-AjNU
_bara
_erda
_cJO-AjNU
041 _aara
050 1 4 _aBP176.A3458 2004
100 3 _aدراسة وتحليل: العفيفي، طه عبد الله,
_eauthor
_914283
245 0 0 _aرحلة الرجوع الى الله تبارك وتعالى من يوم الميلاد الى يوم الميعاد
250 _aط1
264 3 1 _aالقاهرة: مكتبة الدار العربية للكتاب، 2004
300 _a206ص
336 _atext
_btxt
_2rdacontent
337 _aunmediated
_bn
_2rdamedia
338 _avolume
_bnc
_2rdacarrier
650 4 _aوعظ وارشاد- الاسلام
_914284
999 _aA3772
_c7340
_d7340